000 00464nam a2200169Ia 4500
005 20250423101707.0
008 250422s9999 xx 000 0 und d
020 _a1855343223
050 _aPE 1591 .W426/
245 0 _aWebster's new thesaurus: for school home and office
260 _aNew York
260 _bRussell, Geddes & Grosset, Windsor court
260 _c1990
300 _a254 p
650 _aEnglish language--Synonyms and antonyms.
942 _cBK
999 _c37001
_d37001